| 000 | 00674cam a22002171 4500 | ||
|---|---|---|---|
| 001 | pa 60000033 | ||
| 003 | DLC | ||
| 005 | 20260227111855.0 | ||
| 008 | 870609s1959 dcua 000 0 spa c | ||
| 010 | _apa 60000033 | ||
| 035 | _a(OCoLC)15870098 | ||
| 040 |
_aPan American Union. Library _cMWelC _dDLC |
||
| 042 | _apremarc | ||
| 050 | 0 | 0 |
_aF1402 _b.P355 |
| 110 | 2 |
_aPan American Union. _bDepartment of Public Information. |
|
| 245 | 1 | 3 |
_aLa Organización de los Estados Americanos: _bsu estructura y funcionamiento. |
| 260 |
_aWashington, _c1959. |
||
| 300 |
_a51 p. _billus. _c18 cm. |
||
| 500 | _aIssued also in English. | ||
| 610 | 2 | 0 | _aOrganization of American States. |
| 999 |
_c51427 _d51427 |
||